[Event "FRA-ch Universities 2019"]
[Site "Paris"]
[Date "2019.02.02"]
[Round "3"]
[White "Guillemart, Serge"]
[Black "Noir, Mathys"]
[Result "0-1"]
[WhiteElo "2023"]
[BlackElo "1889"]
[Annotator "NA RC"]
[PlyCount "84"]
[EventDate "2019.02.01"]
[EventType "swiss"]
[EventCountry "FRA"]
[SourceTitle "playchess.com"]
[Source "ChessBase"]
[SourceQuality "1"]
[TimeControl "900+5"]

1. e4 {[%emt 0:00:00]} e6 {[%emt 0:00:00]} 2. Qe2 {[%emt 0:00:00]} e5 {[%emt 0:00:07]} 3. Nf3 {[%emt 0:00:03]} Nc6 {[%emt 0:00:06]} 4. g3 {[%emt 0:00:03]} Bc5 {[%emt 0:00:06]} 5. Bg2 {[%emt 0:00:07]} d6 {[%emt 0:00:11]} 6. O-O {[%emt 0:00:04]} Bg4 {[%emt 0:00:18]} 7. c3 {[%emt 0:00:03]} Nf6 {[%emt 0:00:17]} 8. d3 {[%emt 0:00:04]} Qd7 {[%emt 0:00:41]} 9. Rd1 {[%emt 0:00:10]} h5 {[%emt 0:00:52]} 10. Bg5 {[%emt 0:00:07]} h4 {[%emt 0:01:42]} 11. Bxh4 {[%emt 0:00:30]} Rxh4 {[%emt 0:00:15]} 12. gxh4 {[%emt 0:00:01]} Bh3 {[%emt 0:00:09]} 13. Ng5 {[%emt 0:00:16]} Bxg2 {[%emt 0:00:34]} 14. Kxg2 {[%emt 0:00:03]} O-O-O {[%emt 0:01:01]} 15. Qf3 {[%emt 0:00:03]} g6 {[%emt 0:02:56]} 16. b4 {[%emt 0:00:39]} Bb6 {[%emt 0:01:06]} 17. h3 {[%emt 0:00:18]} Nh5 {[%emt 0:00:19]} 18. Qxf7 {[%emt 0:00:45]} Qxf7 {[%emt 0:00:14]} 19. Nxf7 {[%emt 0:00:05]} Rf8 {[%emt 0:00:06]} 20. Nxd6+ {[%emt 0:00:33]} cxd6 {[%emt 0:00:09]} 21. Rd2 {[%emt 0:00:17]} Nf4+ {[%emt 0:00:42]} 22. Kh2 {[%emt 0:00:02]} Rh8 {[%emt 0:00:42]} 23. Kg3 {[%emt 0:00:25]} Bd8 {[%emt 0:00:08]} 24. Na3 {[%emt 0:00:22]} Bxh4+ {[%emt 0:00:19]} 25. Kf3 {[%emt 0:00:05]} Bg5 {[%emt 0:00:40]} 26. Rg1 {[%emt 0:00:29]} Nxh3 {[%emt 0:00:08]} 27. Rxg5 {[%emt 0:00:02]} Nxg5+ {[%emt 0:00:02]} 28. Kg4 {[%emt 0:00:01]} Ne6 {[%emt 0:00:05]} 29. Nc4 {[%emt 0:00:06]} Kc7 {[%emt 0:00:07]} 30. b5 {[%emt 0:00:04]} Ne7 {[%emt 0:00:25]} 31. d4 {[%emt 0:00:03]} exd4 {[%emt 0:00:03]} 32. cxd4 {[%emt 0:00:03]} Rf8 {[%emt 0:00:03]} 33. f3 {[%emt 0:00:13]} d5 {[%emt 0:00:28]} 34. Ne5 {[%emt 0:00:19]} Rf4+ {[%emt 0:01:00]} 35. Kg3 {[%emt 0:00:06]} dxe4 {[%emt 0:00:02]} 36. d5 {[%emt 0:00:10]} Kd6 {[%emt 0:00:24]} 37. Nc4+ {[%emt 0:00:05]} Kc5 {[%emt 0:00:00]} 38. d6 {[%emt 0:00:23]} Nf5+ {[%emt 0:00:08]} 39. Kh2 {[%emt 0:00:10]} Kxc4 {[%emt 0:00:07]} 40. fxe4 {[%emt 0:00:08]} Rxe4 {[%emt 0:00:07]} 41. d7 {[%emt 0:00:04]} Rd4 {[%emt 0:00:03]} 42. Rxd4+ {[%emt 0:00:06]} Nfxd4 {[%emt 0:00:01]} 0-1

[Event "FRA-ch Universities 2019"]
[Site "Paris"]
[Date "2019.02.02"]
[Round "3"]
[White "Brunier, Jules"]
[Black "Deltour, Quentin"]
[Result "1/2-1/2"]
[WhiteElo "2015"]
[BlackElo "1968"]
[Annotator "NA RC"]
[PlyCount "108"]
[EventDate "2019.02.01"]
[EventType "swiss"]
[EventCountry "FRA"]
[SourceTitle "playchess.com"]
[Source "ChessBase"]
[SourceQuality "1"]
[TimeControl "900+5"]

1. e4 {[%emt 0:00:00]} c5 {[%emt 0:00:00]} 2. Nf3 {[%emt 0:00:02]} d6 {[%emt 0:00:00]} 3. d4 {[%emt 0:00:03]} cxd4 {[%emt 0:00:00]} 4. Nxd4 {[%emt 0:00:03]} Nf6 {[%emt 0:00:02]} 5. Nc3 {[%emt 0:00:41]} a6 {[%emt 0:00:03]} 6. Be2 {[%emt 0:00:05]} e5 {[%emt 0:00:02]} 7. Nb3 {[%emt 0:00:03]} Be7 {[%emt 0:00:06]} 8. O-O {[%emt 0:00:04]} O-O {[%emt 0:00:02]} 9. Kh1 {[%emt 0:00:19]} b5 {[%emt 0:00:33]} 10. a3 {[%emt 0:00:04]} Bb7 {[%emt 0:00:03]} 11. Bf3 {[%emt 0:00:04]} Nbd7 {[%emt 0:00:16]} 12. g3 {[%emt 0:00:16]} Rc8 {[%emt 0:00:10]} 13. Bg2 {[%emt 0:00:08]} Qb6 {[%emt 0:05:02]} 14. Be3 {[%emt 0:00:27]} Qc7 {[%emt 0:00:02]} 15. f4 {[%emt 0:00:20]} Nb6 {[%emt 0:00:03]} 16. fxe5 {[%emt 0:02:15]} dxe5 {[%emt 0:00:03]} 17. Bg5 {[%emt 0:00:02]} Nc4 {[%emt 0:00:50]} 18. Qc1 {[%emt 0:00:46]} Nxb2 {[%emt 0:01:08]} 19. Bxf6 {[%emt 0:05:56]} Bxf6 {[%emt 0:00:02]} 20. Nd5 {[%emt 0:01:09]} Bxd5 {[%emt 0:00:19]} 21. exd5 {[%emt 0:00:01]} Qxc2 {[%emt 0:00:09]} 22. Na5 {[%emt 0:00:27]} Qxc1 {[%emt 0:02:37]} 23. Raxc1 {[%emt 0:00:03]} Nc4 {[%emt 0:01:40]} 24. Nxc4 {[%emt 0:00:33]} Rxc4 {[%emt 0:00:02]} 25. Rxc4 {[%emt 0:00:08]} bxc4 {[%emt 0:00:01]} 26. Rc1 {[%emt 0:00:08]} Rc8 {[%emt 0:00:02]} 27. d6 {[%emt 0:00:48]} c3 {[%emt 0:00:44]} 28. Bh3 {[%emt 0:00:43]} Rc6 {[%emt 0:01:20]} 29. d7 {[%emt 0:00:05]} c2 {[%emt 0:00:52]} 30. Bf5 {[%emt 0:00:10]} Kf8 {[%emt 0:00:45]} 31. Rxc2 {[%emt 0:00:04]} Rxc2 {[%emt 0:00:05]} 32. Bxc2 {[%emt 0:00:01]} Ke7 {[%emt 0:00:02]} 33. Bf5 {[%emt 0:00:15]} g6 {[%emt 0:00:02]} 34. Bh3 {[%emt 0:00:02]} Bg5 {[%emt 0:00:04]} 35. Kg2 {[%emt 0:00:02]} f5 {[%emt 0:00:02]} 36. g4 {[%emt 0:00:20]} f4 {[%emt 0:00:16]} 37. Kf3 {[%emt 0:00:02]} Kxd7 {[%emt 0:00:02]} 38. Bf1 {[%emt 0:00:03]} a5 {[%emt 0:00:02]} 39. Ke4 {[%emt 0:00:03]} Kd6 {[%emt 0:00:02]} 40. Bc4 {[%emt 0:00:06]} Bf6 {[%emt 0:00:31]} 41. Bf7 {[%emt 0:00:35]} Kc5 {[%emt 0:00:10]} 42. a4 {[%emt 0:00:19]} Kd6 {[%emt 0:00:04]} 43. Be8 {[%emt 0:00:03]} Ke7 {[%emt 0:00:03]} 44. Bb5 {[%emt 0:00:03]} Kd6 {[%emt 0:00:08]} 45. Be8 {[%emt 0:00:12]} Bh4 {[%emt 0:00:06]} 46. Bf7 {[%emt 0:00:08]} Bf6 {[%emt 0:00:04]} 47. Bg8 {[%emt 0:00:04]} h6 {[%emt 0:00:04]} 48. Bf7 {[%emt 0:00:04]} g5 {[%emt 0:00:03]} 49. Bc4 {[%emt 0:00:11]} Kc5 {[%emt 0:00:02]} 50. Bb5 {[%emt 0:00:04]} Kd6 {[%emt 0:00:12]} 51. Bc4 {[%emt 0:00:18]} Kc5 {[%emt 0:00:04]} 52. Bb5 {[%emt 0:00:02]} Kd6 {[%emt 0:00:06]} 53. Bc4 {[%emt 0:00:03]} Kc5 54. Bb5 {Kd4+ Kf5 e4 Kxf6} f3 {Kg6 h5 Kh6} 1/2-1/2

[Event "FRA-ch Universities 2019"]
[Site "Paris"]
[Date "2019.02.02"]
[Round "3"]
[White "Thiercelin, Jerome"]
[Black "Dobrocmyslov, Artem"]
[Result "0-1"]
[WhiteElo "2009"]
[BlackElo "2262"]
[Annotator "TA"]
[PlyCount "130"]
[EventDate "2019.02.01"]
[EventType "swiss"]
[EventCountry "FRA"]
[SourceTitle "playchess.com"]
[Source "ChessBase"]
[SourceQuality "1"]

{[%evp 14,130,14,0,-3,-11,0,0,0,-17,-7,-7,-5,0,10,-4,-6,-36,0,0,4,-25,0,-36,0,0,1,-12,-13,-14,-10,-10,-9,-11,-9,-24,-22,-36,-19,-31,0,0,6,-5,10,14,22,-163,-183,-170,-133,-180,-182,-179,-116,-147,-143,-138,-136,-1091,-1085,-1011,-964,-993,-943,-1584,-2760,-2341,-1556,-2318,-1021,-1858,-720,-628,-616,-1497,-1391,-29986,-29987,-29990,-956,-910,-878,-897,-897,-887,-881,-845,-837,-5941,-5223,-6966,-6362,-29976,-29976,-29978,-29979,-29982,-29983,-29983,-29984,-29984,-29985,-29985,-29986,-29987,-29986,-29986,-29987,-29987,-29988,-29988,-29989,-29990,-29991,-29991,-29990,-29990,-29990]} 1. d4 Nf6 2. c4 e6 3. Nc3 Bb4 4. Qc2 d5 5. cxd5 Qxd5 6. Nf3 Qf5 7. Qxf5 exf5 8. Bd2 c6 {E34: Nimzo-Indian: Classical: 4...d5} (8... Be6 9. e3 c6 10. Ng5 Nbd7 11. Nxe6 fxe6 12. Be2 Ke7 13. a3 Bd6 14. O-O Rhd8 15. Rfd1 a6 16. Be1 {½-½ (25) Lenic,L (2653)-Hracek,Z (2646) Bol 2014}) 9. Rc1 Be6 10. a3 Be7 {The position is equal.} 11. e3 h6 $146 ({Predecessor:} 11... Nbd7 12. Bd3 g6 13. Ke2 h6 14. Be1 Nb6 15. Nd2 Rd8 16. b4 {½-½ (31) Bensdorp,M (2214)-Sachdev,T (2256) Cochin 2004}) 12. Bd3 Nbd7 13. Ne2 Nd5 14. Ng3 g6 15. h4 Kf8 16. h5 Kg7 17. Ne5 Rad8 18. Bb1 Bf6 (18... Bd6 $5 {[%cal Rd7e5]} 19. hxg6 fxg6 $11) 19. Nd3 Rde8 20. Kf1 Bd8 21. e4 fxe4 22. Nxe4 Bc7 23. hxg6 fxg6 24. Ndc5 Nxc5 25. Nxc5 Bc8 26. f3 Bg3 27. Ne4 Bb8 28. Ba2 Nf6 29. Nxf6 Kxf6 30. Rxh6 $2 (30. Kf2 $11 {and White is okay.}) 30... Rxh6 $19 31. Bxh6 {[#]} g5 $1 32. Kf2 Kg6 {[%mdl 1024] Black has strong compensation.} 33. Rh1 Bf5 (33... Rh8 $19 34. Bb1+ Bf5 35. Bxf5+ Kxf5) 34. g4 Bd3 {Strongly threatening ...Re2+.} 35. Rh5 {[#]} Bf4 $1 {...Kf6 is the strong threat.} 36. d5 $2 {[%mdl 8192]} (36. Bb3 $17) 36... Re2+ {[%mdl 64] Double Attack} 37. Kg1 Rxb2 38. dxc6 Rxa2 39. c7 Rc2 (39... Be3+ $142 40. Kh1 Be2 41. Rxg5+ Kxh6 42. Rh5+ Kg6) 40. Bf8 Rxc7 41. Rh6+ Kf7 42. Bb4 Kg7 {( -> ...Be3+)} 43. Re6 b6 44. Re8 a5 45. Bf8+ Kf7 46. Rd8 Bb5 (46... Be3+ $142 47. Kh1 Rc1+ 48. Kg2 Rc2+ 49. Kh1 Be2 50. Kh2 Bb5+ 51. Kh1 Bc6 52. Rd7+ Bxd7 53. Bc5 bxc5 54. a4 Bxa4 55. f4 Bc6#) 47. Bd6 Bxd6 48. Rxd6 {[%mdl 4096] Endgame KRB-KR} Bc6 49. Kf2 b5 50. Rh6 Kg7 51. Re6 b4 52. axb4 axb4 {[%cal Ba5b4,Bb4b3,Bb3b2][%mdl 32]} 53. Re5 Kf6 {Black mates.} 54. Rf5+ Kg6 55. Rc5 b3 56. Rc1 b2 57. Rb1 Rb7 58. Ke3 Kf6 59. f4 Rb3+ 60. Kd4 gxf4 61. Kc4 Rb8 62. Kc3 Kg5 63. Rxb2 Rxb2 64. Kxb2 Kxg4 65. Kc2 Kg3 {Accuracy: White = 26%, Black = 61%.} 0-1

[Event "FRA-ch Universities 2019"]
[Site "Paris"]
[Date "2019.02.02"]
[Round "3"]
[White "Mugil, Jayavel"]
[Black "Dumas, Charles"]
[Result "1/2-1/2"]
[WhiteElo "2001"]
[BlackElo "2218"]
[Annotator "NA RC"]
[PlyCount "123"]
[EventDate "2019.02.01"]
[EventType "swiss"]
[EventCountry "FRA"]
[SourceTitle "playchess.com"]
[Source "ChessBase"]
[SourceQuality "1"]
[TimeControl "900+5"]

1. e4 {[%emt 0:01:08]} c5 {[%emt 0:00:00]} 2. Nf3 {[%emt 0:00:01]} Nc6 {[%emt 0:00:00]} 3. Bb5 {[%emt 0:00:03]} Qb6 {[%emt 0:00:00]} 4. Nc3 {[%emt 0:00:06]} e6 {[%emt 0:00:00]} 5. O-O {[%emt 0:00:04]} Nge7 {[%emt 0:00:00]} 6. d3 {[%emt 0:00:08]} a6 {[%emt 0:00:08]} 7. Bxc6 {[%emt 0:00:13]} Nxc6 {[%emt 0:00:09]} 8. Bd2 {[%emt 0:00:31]} Be7 {[%emt 0:00:11]} 9. a4 {[%emt 0:00:24]} O-O {[%emt 0:00:06]} 10. a5 {[%emt 0:00:22]} Nxa5 {[%emt 0:02:59]} 11. Na4 {[%emt 0:00:46]} Qc7 {[%emt 0:00:13]} 12. Nxc5 {[%emt 0:00:06]} Bxc5 {[%emt 0:00:10]} 13. Bxa5 {[%emt 0:00:02]} b6 {[%emt 0:00:33]} 14. Bc3 {[%emt 0:00:05]} f5 {[%emt 0:00:37]} 15. d4 {[%emt 0:03:27]} Be7 {[%emt 0:00:47]} 16. Nd2 {[%emt 0:01:25]} Bb7 {[%emt 0:00:07]} 17. f3 {[%emt 0:00:06]} Bg5 {[%emt 0:00:24]} 18. Re1 {[%emt 0:00:55]} Rf7 {[%emt 0:00:28]} 19. Nf1 {[%emt 0:00:33]} fxe4 {[%emt 0:00:44]} 20. fxe4 {[%emt 0:00:03]} Raf8 {[%emt 0:00:03]} 21. Qg4 {[%emt 0:00:33]} Qf4 {[%emt 0:00:50]} 22. Qxf4 {[%emt 0:00:14]} Rxf4 {[%emt 0:00:01]} 23. Ng3 {[%emt 0:00:08]} Rf2 {[%emt 0:00:24]} 24. Rf1 {[%emt 0:01:49]} Rxc2 {[%emt 0:00:07]} 25. Rxf8+ {[%emt 0:00:01]} Kxf8 {[%emt 0:00:01]} 26. Rf1+ {[%emt 0:00:01]} Ke8 {[%emt 0:00:24]} 27. d5 {[%emt 0:00:44]} exd5 {[%emt 0:00:26]} 28. Bxg7 {[%emt 0:00:06]} Rc1 {[%emt 0:01:36]} 29. Nf5 {[%emt 0:00:27]} Rxf1+ {[%emt 0:00:40]} 30. Kxf1 {[%emt 0:00:01]} Bf4 {[%emt 0:00:10]} 31. g3 {[%emt 0:00:05]} Bc7 {[%emt 0:00:03]} 32. e5 {[%emt 0:00:07]} Kf7 {[%emt 0:00:14]} 33. Ke2 {[%emt 0:00:03]} Bc6 {[%emt 0:01:12]} 34. Kd3 {[%emt 0:00:05]} b5 {[%emt 0:00:49]} 35. Bh8 {[%emt 0:00:11]} Bb6 36. Nd4 {[%emt 0:00:10]} Bc5 {[%emt 0:00:52]} 37. g4 {[%emt 0:00:37]} Bb7 {[%emt 0:00:03]} 38. h4 {[%emt 0:00:13]} Bc8 {[%emt 0:00:14]} 39. Nf5 {[%emt 0:00:05]} d6 {[%emt 0:00:56]} 40. Nxd6+ {[%emt 0:00:41]} Bxd6 {[%emt 0:00:01]} 41. exd6 {[%emt 0:00:00]} Ke6 {[%emt 0:00:26]} 42. Bc3 {[%emt 0:00:10]} Kxd6 {[%emt 0:00:02]} 43. g5 {[%emt 0:00:01]} Kc5 {[%emt 0:00:57]} 44. b4+ {[%emt 0:00:01]} Kd6 {[%emt 0:00:02]} 45. Kd4 {[%emt 0:00:01]} Bf5 {[%emt 0:00:03]} 46. h5 {[%emt 0:00:24]} Bb1 {[%emt 0:00:17]} 47. Bd2 {[%emt 0:00:01]} Bc2 {[%emt 0:00:03]} 48. Bf4+ {[%emt 0:00:01]} Ke6 {[%emt 0:00:09]} 49. Kc5 {[%emt 0:00:10]} Kf5 {[%emt 0:00:11]} 50. g6 {[%emt 0:00:00]} Kf6 {[%emt 0:00:09]} 51. Be5+ {[%emt 0:00:10]} Ke7 {[%emt 0:00:03]} 52. g7 {[%emt 0:00:02]} Kf7 {[%emt 0:00:02]} 53. Kxd5 {[%emt 0:00:02]} h6 {[%emt 0:00:07]} 54. Kc6 {[%emt 0:00:14]} Bd1 {[%emt 0:00:00]} 55. Kb6 {[%emt 0:00:04]} Bxh5 {[%emt 0:00:02]} 56. Kxa6 {[%emt 0:00:01]} Be2 {[%emt 0:00:01]} 57. Kb6 {[%emt 0:00:04]} h5 {[%emt 0:00:05]} 58. Kc5 {[%emt 0:00:03]} h4 {[%emt 0:00:01]} 59. Kd4 {[%emt 0:00:02]} Bc4 {[%emt 0:00:21]} 60. Ke3 {[%emt 0:00:03]} Kg6 {[%emt 0:00:04]} 61. Kf4 {[%emt 0:00:06]} Be6 {[%emt 0:00:04]} 62. Ke4 1/2-1/2

[Event "FRA-ch Universities 2019"]
[Site "Paris"]
[Date "2019.02.02"]
[Round "3"]
[White "Brison, Lucas"]
[Black "Brethes, Francois"]
[Result "0-1"]
[WhiteElo "1900"]
[BlackElo "2267"]
[Annotator "NA RC"]
[PlyCount "60"]
[EventDate "2019.02.01"]
[EventType "swiss"]
[EventCountry "FRA"]
[SourceTitle "playchess.com"]
[Source "ChessBase"]
[SourceQuality "1"]
[TimeControl "900+5"]

1. c4 {[%emt 0:00:00]} Nf6 2. Nf3 e6 {[%emt 0:00:10]} 3. g3 {[%emt 0:00:00]} a6 {[%emt 0:00:00]} 4. Bg2 {[%emt 0:00:00]} b5 {[%emt 0:00:01]} 5. b3 {[%emt 0:00:14]} Bb7 {[%emt 0:00:10]} 6. O-O {[%emt 0:00:02]} c5 {[%emt 0:00:35]} 7. Bb2 {[%emt 0:00:07]} Be7 {[%emt 0:00:02]} 8. d4 {[%emt 0:00:14]} cxd4 {[%emt 0:00:17]} 9. cxb5 {[%emt 0:00:06]} axb5 {[%emt 0:00:09]} 10. Nxd4 {[%emt 0:00:01]} Bxg2 {[%emt 0:00:12]} 11. Kxg2 {[%emt 0:00:02]} b4 {[%emt 0:00:35]} 12. a3 {[%emt 0:00:53]} bxa3 {[%emt 0:00:54]} 13. Nxa3 {[%emt 0:00:46]} O-O {[%emt 0:01:30]} 14. Nc4 {[%emt 0:00:20]} Na6 {[%emt 0:00:18]} 15. f3 {[%emt 0:01:32]} Nb4 {[%emt 0:01:34]} 16. Qd2 {[%emt 0:00:49]} d5 {[%emt 0:01:06]} 17. Ne5 {[%emt 0:01:29]} Qc7 {[%emt 0:00:02]} 18. Nd3 {[%emt 0:02:18]} Qb7 {[%emt 0:00:05]} 19. Bc3 {[%emt 0:02:12]} Nxd3 {[%emt 0:00:30]} 20. Qxd3 {[%emt 0:00:01]} Rfe8 {[%emt 0:02:13]} 21. Rfb1 {[%emt 0:01:03]} e5 {[%emt 0:00:39]} 22. Nf5 {[%emt 0:00:02]} Bf8 {[%emt 0:00:13]} 23. Qd2 {[%emt 0:01:18]} d4 {[%emt 0:00:43]} 24. Rxa8 {[%emt 0:00:54]} Rxa8 {[%emt 0:00:19]} 25. Ba1 {[%emt 0:00:48]} g6 {[%emt 0:01:12]} 26. Nh6+ {[%emt 0:00:51]} Bxh6 {[%emt 0:00:03]} 27. Qxh6 {[%emt 0:00:01]} Ra2 {[%emt 0:01:01]} 28. Qg5 {[%emt 0:00:36]} Qb5 {[%emt 0:00:20]} 29. Bb2 {[%emt 0:00:28]} Qxe2+ {[%emt 0:00:12]} 30. Kh3 {[%emt 0:00:03]} Kg7 {[%emt 0:00:19]} 0-1

[Event "FRA-ch Universities 2019"]
[Site "Paris"]
[Date "2019.02.02"]
[Round "4"]
[White "Sochacki, Christophe"]
[Black "Dobrocmyslov, Artem"]
[Result "1-0"]
[WhiteElo "2482"]
[BlackElo "2262"]
[Annotator "TA"]
[PlyCount "77"]
[EventDate "2019.02.01"]
[EventType "swiss"]
[EventCountry "FRA"]
[SourceTitle "playchess.com"]
[Source "ChessBase"]
[SourceQuality "1"]

{[%evp 10,77,19,-2,21,-56,-14,-20,54,53,57,58,93,95,113,64,103,95,101,73,100,73,68,39,45,41,54,27,129,25,19,33,70,64,70,75,133,147,179,162,455,454,439,435,413,447,456,403,640,627,632,637,627,605,726,695,706,704,762,762,879,816,908,874,1827,1785,29958,29962,29983,29984]} 1. e4 (1. d4 e6 {½-½ (30) Ivanisevic,I (2636)-Vallejo Pons,F (2705) Porto Carras 2011}) 1... e6 2. d4 d5 3. Nc3 Bb4 4. exd5 $146 ({Predecessor:} 4. Bd3 c5 5. exd5 exd5 6. Nf3 Nf6 7. O-O O-O {0-1 (32) Prix,S (1761)-Kapp,M (2072) Berlin 2008}) 4... exd5 5. Bd3 Nf6 6. Bg5 c5 {C01: French: Exchange Variation} (6... O-O 7. Nge2 Re8 8. O-O c6 9. Ng3 h6 10. Bf4 Bg4 11. Qd2 Nbd7 12. a3 Bf8 13. h3 Be6 14. b3 a6 15. Be3 {½-½ (30) Ivanisevic,I (2636)-Vallejo Pons,F (2705) Porto Carras 2011}) 7. Nf3 (7. dxc5 $11 h6 8. Bxf6 Qxf6 9. Nge2) 7... O-O 8. O-O {Bxf6 is the strong threat.} c4 (8... Bxc3 $11 9. bxc3 c4) ({Predecessor:} 8... Be6 9. Re1 h6 10. Be3 c4 11. Be2 Ne4 12. Bd2 Nxd2 13. Qxd2 Nd7 {0-1 (32) Prix,S (1761)-Kapp,M (2072) Berlin 2008}) 9. Bxf6 $1 $14 gxf6 10. Be2 Bxc3 11. bxc3 Nc6 12. Re1 f5 13. Qd2 Qf6 14. Qf4 Be6 15. Rab1 b6 16. Rb5 Rad8 17. Bf1 Kg7 18. g3 Qh6 {[#]} (18... Ne7 $11) 19. Qg5+ (19. Ng5 $1 $16 {[%cal Rg5e6]} Rfe8 20. Bg2) 19... Qxg5 $11 20. Nxg5 Rfe8 21. Bg2 Kf6 22. h4 ({Worse is} 22. Nxh7+ Kg6 $17) 22... Ne7 (22... h6 $142 23. Nh3 Bd7) 23. Nxh7+ $16 Kg6 24. Ng5 f4 $2 {[#]} (24... Ng8 25. Re5 Nf6) 25. Nxe6 $18 fxe6 26. Rxe6+ Kf7 27. Re5 fxg3 28. fxg3 Ng6 (28... Rg8 $142 29. Kf2 (29. Bxd5+ Nxd5 30. Rexd5 Rxd5 $11) 29... Rgf8) 29. Rxe8 Rxe8 30. Bxd5+ {[%mdl 4096] Endgame KRB-KRN} Kf6 31. Bxc4 Re3 32. Kf2 Rxc3 33. Bd3 Ne7 34. g4 Nc6 35. g5+ Kg7 36. Ke3 Ra3 37. h5 Ra4 38. h6+ Kg8 39. c3 {Accuracy: White = 61%, Black = 16%.} 1-0

[Event "FRA-ch Universities 2019"]
[Site "Paris"]
[Date "2019.02.02"]
[Round "4"]
[White "Brethes, Francois"]
[Black "Viers, Emmanuel"]
[Result "0-1"]
[WhiteElo "2267"]
[BlackElo "2199"]
[Annotator "NA"]
[PlyCount "82"]
[EventDate "2019.02.01"]
[EventType "swiss"]
[EventCountry "FRA"]
[SourceTitle "playchess.com"]
[Source "ChessBase"]
[SourceQuality "1"]
[TimeControl "900+5"]

1. e4 {[%emt 0:00:00]} c5 {[%emt 0:00:00]} 2. d4 {[%emt 0:00:00]} cxd4 {[%emt 0:00:00]} 3. c3 {[%emt 0:00:00]} d5 {[%emt 0:00:00]} 4. exd5 {[%emt 0:00:05]} Qxd5 {[%emt 0:00:01]} 5. cxd4 {[%emt 0:00:03]} e6 {[%emt 0:00:03]} 6. Nf3 {[%emt 0:00:12]} Nf6 {[%emt 0:00:01]} 7. Bd3 {[%emt 0:00:28]} Be7 {[%emt 0:00:15]} 8. O-O {[%emt 0:00:02]} O-O {[%emt 0:00:02]} 9. Nc3 {[%emt 0:00:02]} Qd8 {[%emt 0:00:14]} 10. Bc2 {[%emt 0:00:24]} Nc6 {[%emt 0:00:22]} 11. a3 {[%emt 0:00:02]} b6 {[%emt 0:01:02]} 12. Qd3 {[%emt 0:00:05]} Bb7 {[%emt 0:00:24]} 13. Bg5 {[%emt 0:00:03]} g6 {[%emt 0:00:08]} 14. Rfe1 {[%emt 0:00:22]} Nh5 {[%emt 0:00:17]} 15. Bh6 {[%emt 0:00:16]} Re8 {[%emt 0:00:01]} 16. Rad1 {[%emt 0:00:01]} Ng7 {[%emt 0:00:47]} 17. Qd2 {[%emt 0:02:25]} Na5 {[%emt 0:04:40]} 18. Ne5 {[%emt 0:00:01]} Bf6 {[%emt 0:02:00]} 19. Ng4 {[%emt 0:02:10]} Be7 {[%emt 0:01:38]} 20. Ba4 {[%emt 0:00:54]} Rf8 {[%emt 0:01:15]} 21. Qe2 {[%emt 0:03:14]} Bg5 {[%emt 0:01:27]} 22. Bxg7 {[%emt 0:01:01]} Kxg7 {[%emt 0:00:01]} 23. d5 {[%emt 0:00:36]} exd5 {[%emt 0:00:32]} 24. Qe5+ {[%emt 0:00:55]} Bf6 {[%emt 0:00:09]} 25. Qf4 {[%emt 0:00:06]} h5 {[%emt 0:00:51]} 26. Qh6+ {[%emt 0:00:54]} Kg8 {[%emt 0:00:02]} 27. Nxf6+ {[%emt 0:00:04]} Qxf6 {[%emt 0:00:02]} 28. Rxd5 {[%emt 0:00:07]} Nc4 {[%emt 0:00:23]} 29. Rxh5 {[%emt 0:01:23]} Qg7 {[%emt 0:00:02]} 30. Qxg7+ {[%emt 0:00:13]} Kxg7 {[%emt 0:00:00]} 31. Rb5 {[%emt 0:00:25]} a6 {[%emt 0:00:09]} 32. Rb4 b5 33. Bc2 {[%emt 0:00:10]} Rfe8 {[%emt 0:00:04]} 34. Rd1 {[%emt 0:00:03]} Rad8 {[%emt 0:00:03]} 35. Bd3 {[%emt 0:00:08]} Rxd3 {[%emt 0:00:05]} 36. Rf1 {[%emt 0:00:00]} Bc6 {[%emt 0:00:16]} 37. a4 {[%emt 0:00:03]} a5 {[%emt 0:00:10]} 38. Rb3 {[%emt 0:00:00]} Nd2 {[%emt 0:00:03]} 39. axb5 {[%emt 0:00:05]} Nxf1 {[%emt 0:00:16]} 40. bxc6 {[%emt 0:00:00]} Nd2 {[%emt 0:00:02]} 41. Rb7 {[%emt 0:00:01]} Re1# {[%emt 0:00:02]} 0-1

[Event "FRA-ch Universities 2019"]
[Site "Paris"]
[Date "2019.02.02"]
[Round "4"]
[White "Dumas, Charles"]
[Black "Bellaiche, Elise"]
[Result "1/2-1/2"]
[WhiteElo "2218"]
[BlackElo "2056"]
[Annotator "TA"]
[PlyCount "30"]
[EventDate "2019.02.01"]
[EventType "swiss"]
[EventCountry "FRA"]
[SourceTitle "playchess.com"]
[Source "ChessBase"]
[SourceQuality "1"]

{[%evp 27,30,0,43,0,7]} 1. e4 c5 $146 ({Predecessor:} 1... e6 2. d4 d5 3. e5 c5 4. c3 Qb6 5. Nf3 Bd7 6. Be2 Nc6 7. O-O cxd4 8. cxd4 Nh6 9. Nc3 {½-½ (22) Sepp,O (2457)-Rozentalis,E (2581) Heraklio 2007}) 2. c3 e6 3. d4 cxd4 4. cxd4 d5 5. e5 Bd7 6. Nf3 Qb6 7. Nc3 Nc6 8. Be2 Nge7 9. O-O Nf5 10. Na4 Qa5 11. Nc3 ({Predecessor:} 11. Bd2 Qd8 12. Bg5 Be7 13. Bxe7 Qxe7 14. Rc1 b6 15. Nc3 O-O 16. a3 f6 17. Bb5 Rac8 18. Re1 Qf7 19. Bxc6 Rxc6 20. Qd2 Ne7 21. Qe3 Ng6 22. Rcd1 f5 {½-½ (22) Sepp,O (2457)-Rozentalis,E (2581) Heraklio 2007}) 11... Qb6 12. Na4 Qa5 13. Nc3 Qb6 14. Na4 Qa5 15. Nc3 {C02: French: Advance Variation} Qb6 1/2-1/2